[Event "Gibraltar Masters 2020"]
[Site "Caleta ENG"]
[Date "2020.01.25"]
[Round "5.99"]
[White "Tomilova, Elena"]
[Black "De Abreu, Roberto N"]
[Result "1-0"]
[WhiteTitle "WGM"]
[BlackTitle "FM"]
[WhiteElo "2372"]
[BlackElo "2154"]
[WhiteFideId "4162340"]
[BlackFideId "14307472"]
[EventDate "2020.01.21"]

1. d4 Nf6 2. Bg5 Ne4 3. Bf4 d5 4. e3 c5 5. Bd3 cxd4 6. Bxe4 dxe4 7. exd4 g6 8.
Nc3 Bg7 9. Nge2 f5 10. Qd2 Nc6 11. Bh6 O-O 12. Bxg7 Kxg7 13. d5 Nb8 14. Nd4 Qb6
15. h4 e5 16. dxe6 Bxe6 17. Na4 1-0

[Event "Gibraltar Masters 2020"]
[Site "Caleta ENG"]
[Date "2020.01.25"]
[Round "5.100"]
[White "Padmini, Rout"]
[Black "Osuna Vega, Enrique"]
[Result "1-0"]
[WhiteTitle "IM"]
[BlackTitle "CM"]
[WhiteElo "2369"]
[BlackElo "2129"]
[WhiteFideId "5029295"]
[BlackFideId "2219549"]
[EventDate "2020.01.21"]

1. e4 c5 2. Nf3 Nf6 3. e5 Nd5 4. Nc3 Nxc3 5. dxc3 d5 6. exd6 Qxd6 7. Qxd6 exd6
8. Bc4 Be7 9. Bf4 Be6 10. Bxe6 fxe6 11. O-O-O e5 12. Be3 Nc6 13. Rd5 O-O-O 14.
Rhd1 Kc7 15. Nd2 b6 16. Ne4 h6 17. a3 a6 18. b4 Rhf8 19. f3 Rfe8 20. R1d2 Bf8
21. Rd1 Be7 22. Kb2 Na7 23. c4 Nc6 24. c3 Bf8 25. Kc2 Be7 26. Kd3 Rf8 27. Ke2
Rfe8 28. R5d2 a5 29. Rd5 Rf8 30. h4 Rfe8 31. h5 Rf8 32. g4 Rf7 33. R5d2 Rff8 34.
Ng3 Rf7 35. Nf5 Bf8 36. Bf2 axb4 37. cxb4 cxb4 38. axb4 Nxb4 39. Rb1 d5 40. Rdb2
d4 41. Rxb4 Bxb4 42. Rxb4 Rdf8 43. Kd3 Rxf5 44. gxf5 Rxf5 45. Ke4 Rxh5 46. Bg3
Kc6 47. Bxe5 Kc5 48. Ra4 Rh4+ 49. f4 g5 50. Bxd4+ Kc6 51. Rb4 Rxf4+ 52. Ke5 h5
53. Rxb6+ Kc7 54. Rg6 Rg4 55. Kd5 h4 56. Bf6 h3 57. Rxg5 h2 58. Be5+ Kb7 59. Rh5
Rg8 60. Rxh2 Rd8+ 61. Bd6 Rc8 62. Rb2+ 1-0

[Event "Gibraltar Masters 2020"]
[Site "Caleta ENG"]
[Date "2020.01.25"]
[Round "5.101"]
[White "Bellon Lopez, Juan Manuel"]
[Black "Seewi, Joram"]
[Result "1-0"]
[WhiteTitle "GM"]
[WhiteElo "2348"]
[BlackElo "2109"]
[WhiteFideId "2200031"]
[BlackFideId "16260350"]
[EventDate "2020.01.21"]

1. d4 Nc6 2. Bf4 d5 3. e3 Bf5 4. c4 e6 5. Nc3 Nf6 6. Rc1 Bb4 7. a3 Bxc3+ 8. Rxc3
Ne7 9. f3 c6 10. c5 O-O 11. g4 Bg6 12. Ne2 Nd7 13. Bd6 f6 14. h4 Re8 15. Bh3 Nc8
16. Bg3 e5 17. Kf2 b6 18. cxb6 Ndxb6 19. b3 Qd6 20. h5 Bf7 21. g5 fxg5 22. Bxe5
Qxa3 23. Rxc6 Qf8 24. Ng3 g6 25. hxg6 Bxg6 26. Bxc8 Rxe5 27. dxe5 Rxc8 28. Rxc8
Qxc8 29. Qd2 Qe6 30. Qd4 Qc6 31. Ne2 h5 32. Rg1 g4 33. fxg4 h4 34. Rh1 Be4 35.
Rxh4 Qe6 36. Nf4 Qe7 37. Kg3 Qa3 38. e6 Bh7 39. Qf6 1-0

[Event "Gibraltar Masters 2020"]
[Site "Caleta ENG"]
[Date "2020.01.25"]
[Round "5.102"]
[White "Vedder, Richard"]
[Black "Gagare, Shalmali"]
[Result "1-0"]
[WhiteTitle "FM"]
[BlackTitle "WIM"]
[WhiteElo "2263"]
[BlackElo "2099"]
[WhiteFideId "1004166"]
[BlackFideId "5038650"]
[EventDate "2020.01.21"]

1. e4 e5 2. Nf3 Nc6 3. Bb5 a6 4. Ba4 Nf6 5. O-O Be7 6. Re1 b5 7. Bb3 O-O 8. d3
d6 9. Bd2 Bg4 10. c3 Na5 11. Bc2 c5 12. h3 Bd7 13. d4 Qc7 14. b3 Rfc8 15. d5 Nb7
16. Bg5 a5 17. Nbd2 b4 18. c4 a4 19. bxa4 Qa5 20. a3 Bxa4 21. axb4 Bxc2 22. bxa5
Bxd1 23. a6 Na5 24. Rxa5 Bxf3 25. Nxf3 h6 26. Bxf6 Bxf6 27. Rb1 Bd8 28. Ra4 Ra7
29. Rb7 Rxb7 30. axb7 Rb8 31. Ra8 Bc7 32. Nd2 Kf8 33. Nb3 Ke7 34. Na5 Kd7 35.
Kf1 g6 36. Ke2 f5 37. f3 fxe4 38. fxe4 h5 39. Kd3 h4 40. Kc2 g5 41. Kd3 g4 42.
Ke2 gxh3 43. gxh3 Rd8 44. Nc6 Re8 45. Rxe8 Kxe8 46. b8=Q+ Bxb8 47. Nxb8 1-0

[Event "Gibraltar Masters 2020"]
[Site "Caleta ENG"]
[Date "2020.01.25"]
[Round "5.103"]
[White "Arroyo Rodriguez, Jesus"]
[Black "Benmesbah, Natacha"]
[Result "0-1"]
[BlackTitle "WIM"]
[WhiteElo "2125"]
[BlackElo "2258"]
[WhiteFideId "2277760"]
[BlackFideId "642002"]
[EventDate "2020.01.21"]

1. e4 c5 2. Nf3 Nc6 3. Nc3 g6 4. d4 cxd4 5. Nxd4 Bg7 6. Be3 Nf6 7. f3 O-O 8. Bc4
Qb6 9. Ncb5 a6 10. Nc3 Qxb2 11. Nde2 Nxe4 12. Rb1 Nxc3 0-1

[Event "Gibraltar Masters 2020"]
[Site "Caleta ENG"]
[Date "2020.01.25"]
[Round "5.104"]
[White "Burke, Mitchell R"]
[Black "Vidic, Teja"]
[Result "0-1"]
[BlackTitle "WFM"]
[WhiteElo "2001"]
[BlackElo "2252"]
[WhiteFideId "416231"]
[BlackFideId "14605511"]
[EventDate "2020.01.21"]

1. e4 e5 2. Nf3 Nc6 3. Bb5 a6 4. Bxc6 dxc6 5. O-O Bg4 6. h3 h5 7. d3 Qf6 8. Be3
Bxf3 9. Qxf3 Qxf3 10. gxf3 Bd6 11. Nd2 Ne7 12. Rfb1 f5 13. b4 Ng6 14. Kf1 O-O
15. a4 fxe4 16. fxe4 Nf4 17. Bxf4 Rxf4 18. c3 Raf8 19. f3 g5 20. Ke2 Kf7 21. Rg1
Be7 22. Nc4 Ke6 23. Raf1 b6 24. Ne3 R4f7 25. Nf5 Bf6 26. Rd1 Rd7 27. Ke3 Ra8 28.
a5 bxa5 29. bxa5 Rb8 30. Ra1 Rb3 31. Kd2 Rb2+ 32. Ke3 g4 33. h4 gxf3 34. Rgb1
Re2+ 35. Kxf3 Rd2 36. d4 Rd3+ 37. Ke2 Rxc3 38. dxe5 Kxe5 39. Ra4 Rc2+ 40. Ke3
Rc3+ 41. Ke2 Rdd3 42. Rbb4 Rh3 43. Rc4 Rh2+ 44. Kf1 Rcc2 45. Kg1 Rxc4 46. Rxc4
Ra2 47. Rc5+ Kxe4 48. Ng3+ Kf3 0-1

[Event "Gibraltar Masters 2020"]
[Site "Caleta ENG"]
[Date "2020.01.25"]
[Round "5.105"]
[White "Sigeman, Johan"]
[Black "Sousa, Ludy Helsio Paulo"]
[Result "1-0"]
[BlackTitle "CM"]
[WhiteElo "2119"]
[BlackElo "2247"]
[WhiteFideId "1705601"]
[BlackFideId "1504134"]
[EventDate "2020.01.21"]

1. c4 e5 2. Nc3 c5 3. Nf3 Nc6 4. e3 d6 5. d4 Bd7 6. Be2 Nf6 7. O-O Be7 8. d5 Nb8
9. e4 Na6 10. Ne1 O-O 11. f4 exf4 12. Bxf4 Be8 13. Nd3 Nb4 14. e5 Nxd3 15. exf6
Nxf4 16. fxe7 Nh3+ 17. gxh3 Qxe7 18. Bg4 Qg5 19. Qc1 Qh4 20. Qf4 h5 21. Bf5 Qxf4
22. Rxf4 g6 23. Bd3 Bd7 24. Ne4 Bf5 25. Nf6+ Kg7 26. Nxh5+ Kh6 27. Bxf5 Kxh5 28.
Bg4+ Kg5 29. Raf1 f5 30. h4+ Kh6 31. Bd1 Rae8 32. h5 Re5 33. hxg6 Kxg6 34. Bc2
Re2 35. Rxf5 Rxf5 36. Bxf5+ Kg5 37. Rf2 Rxf2 38. Kxf2 Kxf5 39. Kf3 b5 40. b3
bxc4 41. bxc4 a5 42. Ke3 a4 43. Kd3 Kf4 44. Kc3 Ke4 45. h4 Kf4 46. Kb2 Kg4 47.
Ka3 Kxh4 48. Kxa4 Kg5 49. Kb5 Kf6 50. Kc6 Ke5 51. a4 Kd4 52. a5 Kxc4 53. a6 1-0

[Event "Gibraltar Masters 2020"]
[Site "Caleta ENG"]
[Date "2020.01.25"]
[Round "5.106"]
[White "Fernandez, Maria Florencia"]
[Black "Stolniceanu, Victor-Dumitru"]
[Result "1-0"]
[WhiteTitle "WIM"]
[WhiteElo "2227"]
[BlackElo "2074"]
[WhiteFideId "116459"]
[BlackFideId "1221019"]
[EventDate "2020.01.21"]

1. d4 d5 2. c4 e6 3. Nc3 Bb4 4. Nf3 dxc4 5. e3 Bxc3+ 6. bxc3 b5 7. a4 c6 8. Ne5
Bb7 9. Qh5 Qc7 10. Qg4 g6 11. e4 Nf6 12. Qh4 Nbd7 13. f3 Nh5 14. Nxd7 Qxd7 15.
g4 Ng7 16. Bh6 O-O 17. Qf6 Ne8 18. Qe5 f6 19. Qc5 Rf7 20. axb5 cxb5 21. Rxa7 Rc8
22. Qb4 Ra8 23. Rxa8 Bxa8 24. Be2 Bc6 25. Be3 f5 26. gxf5 gxf5 27. Rg1+ Rg7 28.
Rxg7+ Nxg7 29. e5 Qd8 30. Qc5 Be8 31. Kd2 Qh4 32. d5 f4 33. Bd4 Qxh2 34. d6 Qh5
35. Qc7 Qf7 36. Qd8 h6 37. Qh4 Kh7 38. Bd1 h5 39. Bc2+ Kh6 40. Qf6+ Qxf6 41.
exf6 e5 42. fxg7 Kxg7 43. Bxe5+ Kf7 44. Bxf4 Ke6 45. Be4 h4 46. Ke3 h3 47. Kd4
Kf6 48. Kc5 Ke6 49. Bh2 Bd7 50. Bc6 Bxc6 51. Kxc6 b4 52. d7 1-0

[Event "Gibraltar Masters 2020"]
[Site "Caleta ENG"]
[Date "2020.01.25"]
[Round "5.107"]
[White "Piasetski, Leon"]
[Black "Hng, Mei-En Emmanuelle"]
[Result "1-0"]
[WhiteTitle "IM"]
[BlackTitle "WFM"]
[WhiteElo "2219"]
[BlackElo "2055"]
[WhiteFideId "2600072"]
[BlackFideId "5804566"]
[EventDate "2020.01.21"]

1. c4 d6 2. d4 Nf6 3. Nc3 g6 4. e4 Bg7 5. h3 O-O 6. Be3 Na6 7. Bd3 c5 8. d5 e6
9. Nge2 exd5 10. exd5 Nb4 11. Bb1 Bd7 12. a3 Na6 13. O-O Nc7 14. a4 Na6 15. Qd2
Re8 16. Ng3 Nb4 17. Bg5 Qe7 18. Qf4 h6 19. Bxh6 Nh5 20. Nxh5 Be5 21. Qf3 Qh4 22.
Bf4 Qxh5 23. Qxh5 gxh5 24. Bxe5 Rxe5 25. Ne4 Kg7 26. f4 Re7 27. Nxd6 Re2 28. Ra3
b6 29. Rg3+ Kf6 30. Ne4+ Ke7 31. f5 Bxa4 32. f6+ Kd8 33. Rg8+ Be8 34. Nd6 Kc7
35. Nxf7 1-0

[Event "Gibraltar Masters 2020"]
[Site "Caleta ENG"]
[Date "2020.01.25"]
[Round "5.108"]
[White "Mohota, Nisha"]
[Black "Skou, Niels"]
[Result "1-0"]
[WhiteTitle "IM"]
[WhiteElo "2201"]
[BlackElo "2036"]
[WhiteFideId "5004330"]
[BlackFideId "1413155"]
[EventDate "2020.01.21"]

1. Nf3 d5 2. e3 Bg4 3. c4 dxc4 4. Bxc4 e6 5. Qb3 Qc8 6. Ne5 Bh5 7. Nc3 Nf6 8.
O-O Be7 9. d4 c6 10. f4 O-O 11. a4 a5 12. e4 Bb4 13. f5 Qd8 14. Be3 exf5 15.
Rxf5 Bg6 16. Rf4 Nbd7 17. Nxg6 hxg6 18. e5 Bxc3 19. bxc3 Nd5 20. Bxd5 cxd5 21.
Qxd5 Nb6 22. Qb3 Nd5 23. Rf3 Rc8 24. Bd2 Qd7 25. Rb1 Rc7 26. c4 Ne7 27. d5 Nf5
28. Rf4 g5 29. Re4 Re8 30. Bxg5 Rc5 31. Qh3 1-0

[Event "Gibraltar Masters 2020"]
[Site "Caleta ENG"]
[Date "2020.01.25"]
[Round "5.109"]
[White "Bottke, Hartmut"]
[Black "Raghav, Srivathsav V"]
[Result "0-1"]
[WhiteElo "2185"]
[BlackElo "2023"]
[WhiteFideId "4627873"]
[BlackFideId "5073316"]
[EventDate "2020.01.21"]

1. Nf3 Nf6 2. c4 g6 3. Nc3 Bg7 4. e4 d6 5. d4 O-O 6. Be2 e5 7. O-O Nc6 8. d5 Ne7
9. Nh4 Nd7 10. g3 h6 11. Qc2 a5 12. Bg4 Nc5 13. Bxc8 Qxc8 14. Be3 f5 15. exf5
gxf5 16. f4 e4 17. Nb5 Qd7 18. Bxc5 dxc5 19. Rad1 Ra6 20. Qf2 c6 21. dxc6 Qxc6
22. Ng2 Raa8 23. Rd6 Qc8 24. Rfd1 Bf6 25. Ne3 Ra6 26. Rd7 b6 27. Rc7 Qe8 28.
Rdd7 Ra8 29. Nd6 Qg6 30. Qd2 Rad8 31. Ndxf5 Rxd7 32. Qxd7 Nxf5 33. Nxf5 Qxf5 0-1

[Event "Gibraltar Masters 2020"]
[Site "Caleta ENG"]
[Date "2020.01.25"]
[Round "5.110"]
[White "Mihajlov, Svetoslav"]
[Black "Winter, Kevin"]
[Result "1/2-1/2"]
[WhiteTitle "CM"]
[WhiteElo "2173"]
[BlackElo "1714"]
[WhiteFideId "1507168"]
[BlackFideId "421960"]
[EventDate "2020.01.21"]

1. Nf3 Nf6 2. c4 g6 3. Nc3 Bg7 4. e4 d6 5. d4 O-O 6. h3 e5 7. d5 Nh5 8. Nh2 Na6
9. g3 Nc5 10. b4 Na6 11. a3 c6 12. Be2 Nf6 13. Bg5 Nc7 14. Ng4 cxd5 15. cxd5
Nce8 16. Nh6+ Kh8 17. h4 Qb6 18. Be3 Qd8 19. h5 Bd7 20. g4 Rc8 21. Rc1 a5 22.
Nxf7+ Rxf7 23. hxg6 Rf8 24. g5 Rxc3 25. gxf6 Rxe3 26. fxg7+ Kxg7 27. fxe3 hxg6
28. Kd2 axb4 29. axb4 Nf6 30. Bf3 Qb6 31. Rb1 Nxe4+ 32. Bxe4 Rf2+ 33. Kc3 Ba4
34. Qd3 Bb5 35. Rbg1 Bxd3 36. Rxg6+ Kf7 37. Rh7+ Kf8 38. Rh8+ Kf7 39. Rh7+ Kf8
40. Rh8+ Kf7 41. Rh7+ 1/2-1/2

[Event "Gibraltar Masters 2020"]
[Site "Caleta ENG"]
[Date "2020.01.25"]
[Round "5.111"]
[White "Teh, Wee Zhun"]
[Black "Jansen, Guido"]
[Result "0-1"]
[WhiteElo "1857"]
[BlackElo "2162"]
[WhiteFideId "5707277"]
[BlackFideId "1014650"]
[EventDate "2020.01.21"]

1. d4 d5 2. c4 dxc4 3. e4 b5 4. a4 c6 5. axb5 cxb5 6. b3 e5 7. Nf3 Nf6 8. bxc4
exd4 9. e5 Ne4 10. cxb5 Bb4+ 11. Nbd2 O-O 12. Bd3 Nc5 13. Qc2 Nxd3+ 14. Qxd3 Bc3
15. Rb1 Nd7 16. Ba3 Re8 17. O-O Nxe5 18. Nxe5 Rxe5 19. Nc4 Rd5 20. Ne3 dxe3 21.
Qxc3 Bf5 22. Rb2 Bd3 23. Rc1 e2 24. Rd2 Qd7 25. Bb2 f6 26. Qc6 Re8 27. Re1 Rd8
28. f3 Bxb5 29. Qxd7 R8xd7 30. Rxd5 Rxd5 31. Bc3 Rd1 32. Kf2 Kf7 0-1

[Event "Gibraltar Masters 2020"]
[Site "Caleta ENG"]
[Date "2020.01.25"]
[Round "5.112"]
[White "Bengherabi, Khalil"]
[Black "Rudzinska, Michalina"]
[Result "0-1"]
[WhiteTitle "FM"]
[BlackTitle "WFM"]
[WhiteElo "2106"]
[BlackElo "2005"]
[WhiteFideId "7900325"]
[BlackFideId "1172883"]
[EventDate "2020.01.21"]

1. e4 c5 2. Nf3 e6 3. d4 cxd4 4. Nxd4 a6 5. Nc3 Qc7 6. g3 Nc6 7. Bg2 Nf6 8. O-O
Nxd4 9. Qxd4 Bc5 10. Qd3 O-O 11. Be3 Bxe3 12. Qxe3 d6 13. Rad1 Rd8 14. f4 Bd7
15. h3 Bc6 16. Kh2 b5 17. Ne2 Qb7 18. Rd4 e5 19. fxe5 dxe5 20. Rxd8+ Rxd8 21.
Nc3 h6 22. Rf5 b4 23. Nd5 Nxd5 24. exd5 Bxd5 25. Bxd5 Qxd5 26. Rxe5 Qc6 27. Qf2
Rd1 28. Qg2 Qxg2+ 29. Kxg2 Rd2+ 30. Kf3 Rxc2 31. Re8+ Kh7 32. Ra8 Rxb2 33. Rxa6
Rc2 34. Rb6 Rc3+ 35. Kg4 h5+ 36. Kf4 Rc4+ 37. Kf3 g5 38. g4 h4 39. Kg2 Kg7 40.
Kf3 Rc3+ 41. Kg2 Rc2+ 42. Kg1 Rb2 43. Ra6 Kf8 44. Ra7 Ke8 45. Ra5 f6 46. a3 Rb3
47. Rb5 Rb1+ 48. Kf2 Rb2+ 49. Kf3 bxa3 50. Ra5 Rh2 51. Ke4 Rxh3 52. Kf5 Rf3+ 53.
Ke6 Kf8 54. Ra7 h3 55. Rh7 a2 56. Ra7 h2 0-1

[Event "Gibraltar Masters 2020"]
[Site "Caleta ENG"]
[Date "2020.01.25"]
[Round "5.113"]
[White "Herzwurm, Robert"]
[Black "Gonzalez Gonzalez, Alfonso"]
[Result "0-1"]
[WhiteElo "1979"]
[BlackElo "2100"]
[WhiteFideId "4668570"]
[BlackFideId "2223007"]
[EventDate "2020.01.21"]

1. e4 c5 2. Nc3 e6 3. f4 a6 4. g3 d5 5. Qe2 Nc6 6. Nf3 Nb4 7. d3 d4 8. Nd1 Be7
9. Bg2 Nf6 10. Nf2 b5 11. O-O Bb7 12. g4 h5 13. g5 Nd7 14. Bh3 Qb6 15. c3 Nc6
16. g6 Nd8 17. gxf7+ Nxf7 18. Kh1 dxc3 19. bxc3 O-O-O 20. Be3 g5 21. fxg5 Rhg8
22. Rg1 Nde5 23. a4 Nxf3 24. Qxf3 Ne5 25. Qe2 Rxd3 26. Bf4 Rxh3 27. Nxh3 Ng4 28.
Rge1 e5 29. Bg3 c4 30. axb5 axb5 31. Rab1 Bc5 32. Ng1 Ne3 33. h4 Bxe4+ 34. Kh2
Ng4+ 35. Kh3 Bxb1 36. Rxb1 Bxg1 37. Qg2 Nf2+ 38. Bxf2 Qe6+ 0-1

[Event "Gibraltar Masters 2020"]
[Site "Caleta ENG"]
[Date "2020.01.25"]
[Round "5.114"]
[White "Reeder, Andy"]
[Black "Kozarcanin, Sead"]
[Result "1-0"]
[WhiteElo "2064"]
[BlackElo "2019"]
[WhiteFideId "2016516"]
[BlackFideId "14504650"]
[EventDate "2020.01.21"]

1. Nf3 f5 2. d3 Nf6 3. e4 fxe4 4. dxe4 Nxe4 5. Bd3 Nf6 6. Ng5 g6 7. Nxh7 Rxh7 8.
Bxg6+ Rf7 9. g4 e6 10. Bxf7+ Kxf7 11. g5 Ng8 12. Qh5+ Kg7 13. Rg1 Qe7 14. g6 Nf6
15. Bh6+ Kg8 16. g7 Bxg7 17. Qg6 1-0

[Event "Gibraltar Masters 2020"]
[Site "Caleta ENG"]
[Date "2020.01.25"]
[Round "5.115"]
[White "Huguet, Sergio"]
[Black "Wilson, Matthew R"]
[Result "1/2-1/2"]
[WhiteTitle "FM"]
[WhiteElo "2055"]
[BlackElo "1837"]
[WhiteFideId "2212552"]
[BlackFideId "423459"]
[EventDate "2020.01.21"]

1. c4 e5 2. g3 c6 3. d4 e4 4. Nc3 d5 5. Bg2 Bb4 6. cxd5 Bxc3+ 7. bxc3 cxd5 8.
Nh3 Ne7 9. O-O O-O 10. f3 exf3 11. exf3 Re8 12. Re1 Nbc6 13. Nf4 Bf5 14. Ba3 Qd7
15. Nd3 Bxd3 16. Qxd3 Na5 17. f4 Rad8 18. Re2 Nc8 19. Rae1 Rxe2 20. Qxe2 Nc4 21.
Bc1 h6 22. g4 N8b6 23. f5 f6 24. Bf4 Kf8 25. Kf2 Re8 26. Qxe8+ Qxe8 27. Rxe8+
Kxe8 28. Ke2 Kd7 29. Kd3 Nd6 30. Bc1 Kc6 31. Bf3 Nbc4 32. h3 b5 33. Bg2 a5 34.
Bf3 Nb6 35. Ba3 Nbc4 36. Bc5 Nb2+ 37. Kc2 Nbc4 1/2-1/2

[Event "Gibraltar Masters 2020"]
[Site "Caleta ENG"]
[Date "2020.01.25"]
[Round "5.116"]
[White "Manukonda, Arun"]
[Black "George, Lolomari Erekosima"]
[Result "1-0"]
[BlackTitle "CM"]
[WhiteElo "1959"]
[BlackElo "2053"]
[WhiteFideId "5080789"]
[BlackFideId "8501076"]
[EventDate "2020.01.21"]

1. d4 Nf6 2. c4 e6 3. Nc3 Bb4 4. Qc2 d5 5. cxd5 exd5 6. Bg5 Nbd7 7. e3 c6 8. Nf3
Be7 9. Bd3 Nf8 10. Ne5 Ng4 11. Bf4 Nxe5 12. Bxe5 Bf6 13. Bxf6 Qxf6 14. O-O Ng6
15. e4 dxe4 16. Nxe4 Qxd4 17. Rad1 O-O 18. Bc4 Qb6 19. Ng5 Bg4 20. Rd6 Qa5 21.
Nxf7 Rxf7 22. Bxf7+ Kxf7 23. Qc4+ Ke7 24. Rxg6 hxg6 25. Qxg4 Qf5 26. Qb4+ Kf6
27. Qxb7 Rc8 28. Re1 g5 29. h3 Kg6 30. g4 Qf8 31. Re6+ Kh7 32. Qxa7 Re8 33. Rxe8
Qxe8 34. Qe3 Qg6 35. Kg2 Qb1 36. Qxg5 Qxb2 37. Qh5+ Kg8 38. Qe8+ Kh7 39. Qxc6
Qxa2 40. Qe4+ Kg8 41. h4 Qd2 42. h5 Qd1 43. h6 gxh6 44. Qg6+ Kh8 45. Qxh6+ Kg8
46. Qg6+ Kh8 47. Qe4 Kg7 48. f3 Qc1 49. f4 Qb2+ 50. Kg3 Qc3+ 51. Kh4 Qd2 52.
Qe7+ Kh6 53. Qe6+ Kg7 54. Qe5+ Kh7 55. Qc7+ Kg8 56. Kh5 Qd5+ 57. f5 Kh8 58. Kh6
Qf7 59. Qd8+ Qg8 60. Qf6+ 1-0

[Event "Gibraltar Masters 2020"]
[Site "Caleta ENG"]
[Date "2020.01.25"]
[Round "5.117"]
[White "Roman Lopez, Jesus"]
[Black "Johnsen, Sylvia"]
[Result "1-0"]
[BlackTitle "WFM"]
[WhiteElo "1973"]
[BlackElo "1902"]
[WhiteFideId "2291673"]
[BlackFideId "1500988"]
[EventDate "2020.01.21"]

1. e4 e5 2. Nf3 Nc6 3. Bb5 a6 4. Ba4 Nf6 5. d4 exd4 6. O-O d5 7. e5 Ne4 8. Nxd4
Bd7 9. Bxc6 Bxc6 10. Nc3 Nxc3 11. bxc3 Bd7 12. Qh5 g6 13. Qe2 Be6 14. Rb1 b6 15.
Kh1 h5 16. f4 Qd7 17. Bd2 Be7 18. h3 h4 19. Rbd1 c5 20. Nxe6 Qxe6 21. Be3 O-O
22. Qd3 Rfd8 23. f5 gxf5 24. Rxf5 Rd7 25. Rdf1 Qg6 26. R1f4 Qh7 27. Rg4+ Kh8 28.
e6 c4 1-0

[Event "Gibraltar Masters 2020"]
[Site "Caleta ENG"]
[Date "2020.01.25"]
[Round "5.118"]
[White "Gostelow, David W"]
[Black "Guerra Reig, Juan"]
[Result "1/2-1/2"]
[WhiteElo "1901"]
[BlackElo "1998"]
[WhiteFideId "413151"]
[BlackFideId "2224801"]
[EventDate "2020.01.21"]

1. d4 d5 2. Bf4 Bf5 3. e3 e6 4. Bd3 Bxd3 5. Qxd3 c6 6. Nd2 Bd6 7. Bg3 Nf6 8.
Ngf3 O-O 9. e4 dxe4 10. Nxe4 Nxe4 11. Qxe4 h6 12. Ne5 Bxe5 13. Bxe5 Qd5 14. Qe3
Nd7 15. O-O Nxe5 16. Qxe5 Rfd8 17. Qxd5 Rxd5 18. c3 Rad8 19. Rac1 e5 20. dxe5
Rxe5 21. Rcd1 Rxd1 22. Rxd1 Re2 23. Rb1 Kf8 24. g3 Ke7 25. Kf1 Rc2 26. Re1+ Kd6
27. Re2 Rc1+ 28. Re1 Rxe1+ 29. Kxe1 Kd5 30. Kd2 g5 31. f3 f5 32. h3 h5 33. Kd3
b5 34. b3 a5 35. c4+ Ke5 36. cxb5 cxb5 37. a3 h4 38. gxh4 gxh4 39. Ke3 f4+ 1/2-1/2

[Event "Gibraltar Masters 2020"]
[Site "Caleta ENG"]
[Date "2020.01.25"]
[Round "5.119"]
[White "Adewole, Adeyinka"]
[Black "Gravett, Alan D"]
[Result "1/2-1/2"]
[WhiteElo "1941"]
[BlackElo "1824"]
[WhiteFideId "8502544"]
[BlackFideId "406171"]
[EventDate "2020.01.21"]

1. c4 d6 2. d4 Nf6 3. g3 g6 4. Nc3 Bg7 5. Nf3 O-O 6. Bg2 c5 7. O-O Nc6 8. dxc5
dxc5 9. Be3 Be6 10. Nd2 Nd4 11. Nb3 Ng4 12. Bxb7 Nxe3 13. fxe3 Nxb3 14. axb3 Rb8
15. Bg2 Bh6 16. Qxd8 Bxe3+ 17. Kh1 Rfxd8 18. Rfd1 Rxd1+ 19. Nxd1 Bd4 20. e3 Bf6
21. Ra3 Rd8 22. Bf3 Rd2 23. Rxa7 Bxb2 24. Rxe7 Ba3 25. Kg1 Rd3 26. Rb7 Bb4 27.
Nf2 Rxb3 28. Bd5 Rxe3 29. Ne4 h5 30. Kf2 Rb3 31. Ke2 Rb2+ 32. Kf3 Rxh2 33. Nd6
Bg4+ 34. Kf4 Bd2+ 35. Ke4 Bf5+ 36. Nxf5 gxf5+ 37. Ke5 f4 38. Rxf7 fxg3 39. Rf3+
Kh8 1/2-1/2

[Event "Gibraltar Masters 2020"]
[Site "Caleta ENG"]
[Date "2020.01.25"]
[Round "5.120"]
[White "Obiamiwe, Paul"]
[Black "Sagar, Siya"]
[Result "1-0"]
[WhiteElo "1920"]
[BlackElo "1740"]
[WhiteFideId "8500215"]
[BlackFideId "25098160"]
[EventDate "2020.01.21"]

1. Nf3 Nf6 2. c4 g6 3. Nc3 d5 4. Qa4+ Bd7 5. Qb3 dxc4 6. Qxc4 Bg7 7. Ne5 O-O 8.
Nxd7 Nbxd7 9. g3 c6 10. Bg2 Nb6 11. Qb3 e6 12. O-O Qe7 13. d3 Rfd8 14. a4 Nbd5
15. Bd2 Nxc3 16. bxc3 Rac8 17. a5 Rb8 18. Rab1 Qc7 19. Qa4 c5 20. c4 Ng4 21. Bg5
Bf6 22. Bxf6 Nxf6 23. Rb2 Ne8 24. Rfb1 Nd6 25. Qa3 Kg7 26. Rb3 Rd7 27. Qb2+ f6
28. Qc3 Re7 29. h4 Kf7 30. Bf3 h5 31. Qd2 Kg7 32. Qc3 Kf7 33. Kg2 Qc8 34. R1b2
Nf5 35. e3 Nd6 36. Rc2 Qc7 37. Qa1 Kg7 38. d4 e5 39. dxe5 Rxe5 40. Rcb2 Re7 41.
Bd5 g5 42. hxg5 fxg5 43. Rxb7 Nxb7 44. Rxb7+ Kh7 45. Rxc7 Rxc7 46. Qe5 Rcc8 47.
Qxg5 1-0

[Event "Gibraltar Masters 2020"]
[Site "Caleta ENG"]
[Date "2020.01.26"]
[Round "6.5"]
[White "Narayanan, S.L."]
[Black "Yuffa, Daniil"]
[Result "1/2-1/2"]
[WhiteTitle "GM"]
[BlackTitle "GM"]
[WhiteElo "2637"]
[BlackElo "2566"]
[WhiteFideId "5058422"]
[BlackFideId "24131423"]
[EventDate "2020.01.21"]

1. e4 c6 2. d4 d5 3. e5 Bf5 4. h4 h5 5. Bd3 Bxd3 6. Qxd3 Qa5+ 7. Nd2 e6 8. Nf3
Ne7 9. O-O Nf5 10. a4 Be7 11. Nb3 Qa6 12. Qd1 Nd7 13. g3 c5 14. dxc5 Nxc5 15.
Nbd4 Nxd4 16. Nxd4 Ne4 17. Kg2 Rc8 18. Be3 Qc4 19. f3 Nc5 20. Re1 a6 21. Bf2 Nd7
22. c3 g6 23. a5 Qc7 24. Qe2 Qd8 25. Qc2 Rg8 26. Ra4 Nc5 27. Raa1 Nd7 28. Ra4
Nc5 29. Raa1 Nd7 30. Ra4 1/2-1/2

[Event "Gibraltar Masters 2020"]
[Site "Caleta ENG"]
[Date "2020.01.26"]
[Round "6.13"]
[White "Maze, Sebastien"]
[Black "Saric, Ivan"]
[Result "1/2-1/2"]
[WhiteTitle "GM"]
[BlackTitle "GM"]
[WhiteElo "2550"]
[BlackElo "2655"]
[WhiteFideId "613762"]
[BlackFideId "14508150"]
[EventDate "2020.01.21"]

1. e4 c5 2. Nf3 d6 3. Bb5+ Nd7 4. Ba4 Nf6 5. O-O e6 6. d4 cxd4 7. Qxd4 Be7 8. c4
e5 9. Bxd7+ Bxd7 10. Qd3 h6 11. Nc3 a6 12. b3 O-O 13. a4 b5 14. axb5 axb5 15.
Rxa8 Qxa8 16. cxb5 Rb8 17. Bb2 Qb7 18. Ra1 Bxb5 19. Nxb5 Qxb5 20. Qxb5 Rxb5 21.
Nd2 d5 22. exd5 Rxd5 23. Nc4 Rd3 24. Bxe5 Rxb3 25. Bxf6 Bxf6 26. Rd1 g6 27. Kf1
h5 28. Ne3 Rb7 29. Nd5 Kg7 30. Nxf6 Kxf6 1/2-1/2